[Event "Vlissingen op 25th"]
[Site "Vlissingen"]
[Date "2023.08.09"]
[Round "6"]
[White "Ikonnikov, Vyacheslav"]
[Black "Dardha, Daniel"]
[Result "1/2-1/2"]
[WhiteElo "2447"]
[BlackElo "2598"]
[PlyCount "54"]
[EventDate "2023.08.05"]
[EventType "swiss"]
[EventRounds "9"]
[EventCountry "NED"]
[SourceTitle "CBM 215 Extra"]
[Source "ChessBase"]
[SourceDate "2023.09.30"]
[SourceVersion "1"]
[SourceVersionDate "2023.09.30"]
[SourceQuality "1"]

1. d4 g6 2. Nf3 Bg7 3. e4 a6 4. c4 d6 5. Be2 Nf6 6. Nc3 Bg4 7. Be3 Nfd7 8. Ng1 Bxe2 9. Ngxe2 c5 10. 0-0 Nc6 11. b3 cxd4 12. Nxd4 Qa5 13. Nxc6 bxc6 14. Bd4 0-0 15. Bxg7 Kxg7 16. Qd4+ Qe5 17. Qe3 a5 18. Rfe1 Qc5 19. Qg3 Rfd8 20. Na4 Qa7 21. Rad1 f6 22. h4 Nc5 23. Nxc5 Qxc5 24. Kh2 a4 25. f4 axb3 26. axb3 Qh5 27. Rd3 Rab8 1/2-1/2

[Event "NED-chT 2223"]
[Site "Netherlands"]
[Date "2023.04.01"]
[Round "8.3"]
[White "De Winter, Arthur"]
[Black "Ikonnikov, Vyacheslav"]
[Result "1-0"]
[WhiteElo "2379"]
[BlackElo "2490"]
[PlyCount "111"]
[EventDate "2022.09.17"]
[EventType "team-tourn"]
[EventRounds "9"]
[EventCountry "NED"]
[SourceTitle "EXT 2024"]
[Source "ChessBase"]
[SourceDate "2023.10.10"]
[SourceVersion "1"]
[SourceVersionDate "2023.10.10"]
[SourceQuality "1"]
[WhiteTeam "Amstelveen Zukertort"]
[BlackTeam "Sas van Gent"]
[WhiteTeamCountry "NED"]
[BlackTeamCountry "NED"]

1. e4 c5 2. Nf3 Nc6 3. d4 cxd4 4. Nxd4 e5 5. Nb5 d6 6. N1c3 a6 7. Na3 Rb8 8. Nc4 Be6 9. Nd5 Bxd5 10. exd5 Nce7 11. g4 Ng6 12. a4 Be7 13. Be3 Nf6 14. g5 Nd7 15. h4 0-0 16. Bd3 Nf4 17. Bxf4 exf4 18. Qd2 Re8 19. Kf1 Nc5 20. Qxf4 Nxd3 21. cxd3 Bf8 22. a5 Qd7 23. h5 Qb5 24. Qf3 Rbc8 25. Rh4 Rc5 26. Rd4 Qd7 27. Kg2 Qd8 28. Rg4 Rc7 29. Rh1 f5 30. Rg3 Rf7 31. Qf4 Qc7 32. g6 Rf6 33. gxh7+ Kxh7 34. Rg6 Qc5 35. Ne3 Rf7 36. d4 Qxa5 37. Rh3 Re4 38. Qg5 Rxe3 39. fxe3 Qxd5+ 40. Rf3 Qb5 41. Rh6+ gxh6 42. Qg6+ Kh8 43. Qxf7 Bg7 44. Qxf5 Qe2+ 45. Rf2 Qxe3 46. Rc2 Qg5+ 47. Qxg5 hxg5 48. d5 Kh7 49. Kf3 a5 50. b3 b5 51. Rc6 Be5 52. Ra6 a4 53. bxa4 bxa4 54. Rxa4 Kg7 55. Kg4 Kf6 56. Re4 1-0

[Event "NED-chT 2223"]
[Site "Netherlands"]
[Date "2023.03.11"]
[Round "7.1"]
[White "Ikonnikov, Vyacheslav"]
[Black "Beerdsen, Thomas"]
[Result "0-1"]
[WhiteElo "2490"]
[BlackElo "2520"]
[PlyCount "92"]
[EventDate "2022.09.17"]
[EventType "team-tourn"]
[EventRounds "9"]
[EventCountry "NED"]
[SourceTitle "CBM 213 Extra"]
[Source "ChessBase"]
[SourceDate "2023.05.31"]
[SourceVersion "1"]
[SourceVersionDate "2023.05.31"]
[SourceQuality "1"]
[WhiteTeam "Sas van Gent"]
[BlackTeam "Apeldoorn Amevo"]
[WhiteTeamCountry "NED"]
[BlackTeamCountry "NED"]

1. d4 d5 2. Nf3 Nf6 3. c4 c6 4. Qb3 dxc4 5. Qxc4 Bf5 6. g3 e6 7. Bg2 Be7 8. 0-0 0-0 9. Qb3 Qb6 10. Nbd2 Na6 11. a3 Rfd8 12. Qa4 Rac8 13. b4 Ne4 14. Bb2 Bf6 15. e3 Nc7 16. Rac1 Nd5 17. Nxe4 Bxe4 18. Nd2 Bxg2 19. Kxg2 Qc7 20. Qb3 e5 21. Ne4 exd4 22. Nxf6+ Nxf6 23. Bxd4 Ne4 24. Qb2 f6 25. Qa2+ Kh8 26. Rfd1 Qe7 27. f3 Ng5 28. Bxa7 Ra8 29. Bb6 Re8 30. Qb3 Qe5 31. h4 Ne6 32. a4 g5 33. hxg5 Rg8 34. Bd4 Nxd4 35. Rxd4 Qxg5 36. Rg4 Qe5 37. Rcc4 h5 38. Rxg8+ Rxg8 39. Rf4 Rg7 40. Qd3 Qb2+ 41. Kf1 Rxg3 42. Qd8+ Kh7 43. Qa5 Qc1+ 44. Kf2 Qg1+ 45. Ke2 Rg2+ 46. Kd3 Qd1+ 0-1

[Event "Mersin op 6th"]
[Site "Mersin"]
[Date "2022.09.06"]
[Round "4"]
[White "Ikonnikov, Vyacheslav"]
[Black "Annaberdiyev, Babageldi"]
[Result "0-1"]
[WhiteElo "2510"]
[BlackElo "2168"]
[PlyCount "72"]
[EventDate "2022.09.04"]
[EventType "swiss"]
[EventRounds "9"]
[EventCountry "TUR"]
[SourceTitle "CBM 210 Extra"]
[Source "ChessBase"]
[SourceDate "2022.11.30"]
[SourceVersion "1"]
[SourceVersionDate "2022.11.30"]
[SourceQuality "1"]

1. d4 d5 2. Nf3 e6 3. c4 Nf6 4. Nc3 a6 5. cxd5 exd5 6. Bf4 Bd6 7. Bg3 0-0 8. e3 Bxg3 9. hxg3 Bg4 10. Qc2 Nc6 11. Ne5 Be6 12. Nxc6 bxc6 13. Bd3 g6 14. Na4 Qd6 15. 0-0 Rfb8 16. Rfc1 Kg7 17. b3 Bd7 18. Qd2 a5 19. Rc5 h5 20. Rxa5 Rxa5 21. Qxa5 Rh8 22. Qc5 Qe6 23. Qc2 h4 24. Nc5 Qe8 25. Nxd7 Qxd7 26. gxh4 Rxh4 27. Rc1 Qg4 28. Qe2 Qg5 29. g3 Rh3 30. Qf3 Ng4 31. Rxc6 Rh2 32. Rc2 Qh5 33. Bf1 c6 34. Bg2 f5 35. Rxc6 Qh8 36. Qxd5 Rh1+ 0-1

[Event "Vlissingen HZ op 24th"]
[Site "Vlissingen"]
[Date "2022.08.09"]
[Round "5"]
[White "Ikonnikov, Vyacheslav"]
[Black "Lalith, Babu MR"]
[Result "1/2-1/2"]
[WhiteElo "2493"]
[BlackElo "2549"]
[PlyCount "73"]
[EventDate "2022.08.06"]
[EventType "swiss"]
[EventRounds "9"]
[EventCountry "NED"]
[SourceTitle "CBM 209 Extra"]
[Source "ChessBase"]
[SourceDate "2022.09.30"]
[SourceVersion "1"]
[SourceVersionDate "2022.09.30"]
[SourceQuality "1"]

1. d4 Nf6 2. Nf3 e6 3. c4 b6 4. g3 Ba6 5. b3 Bb4+ 6. Bd2 Be7 7. Bg2 0-0 8. 0-0 d5 9. cxd5 exd5 10. Nc3 Re8 11. Re1 Nbd7 12. Nh4 Bb7 13. Nf5 Bf8 14. a3 Ne4 15. Nxe4 dxe4 16. Qc2 Nf6 17. Qb2 Qd7 18. Ne3 Rad8 19. Bc3 Nd5 20. Nxd5 Bxd5 21. Bd2 Bd6 22. b4 h5 23. Qc1 Qf5 24. Bf4 e3 25. Bxe3 Bxg2 26. Kxg2 Qe4+ 27. Kg1 h4 28. Bg5 Be7 29. Bxe7 Rxe7 30. Qf4 hxg3 31. hxg3 Qxf4 32. gxf4 Rxd4 33. e3 Rd2 34. Red1 Red7 35. Rxd2 Rxd2 36. Rc1 Rd3 37. Rxc7 1/2-1/2

[Event "Vlissingen HZ op 24th"]
[Site "Vlissingen"]
[Date "2022.08.08"]
[Round "4"]
[White "Matsumura, Cocoro"]
[Black "Ikonnikov, Vyacheslav"]
[Result "0-1"]
[WhiteElo "2148"]
[BlackElo "2493"]
[PlyCount "98"]
[EventDate "2022.08.06"]
[EventType "swiss"]
[EventRounds "9"]
[EventCountry "NED"]
[SourceTitle "CBM 209 Extra"]
[Source "ChessBase"]
[SourceDate "2022.09.30"]
[SourceVersion "1"]
[SourceVersionDate "2022.09.30"]
[SourceQuality "1"]

1. e4 c5 2. Nf3 Nc6 3. Bb5 g6 4. 0-0 Bg7 5. d3 Nf6 6. Nc3 Nd4 7. e5 Ng4 8. Nxd4 cxd4 9. Qxg4 dxc3 10. Qe4 Qb6 11. a4 a6 12. Be3 Qe6 13. Bc4 Qxe5 14. Qxe5 Bxe5 15. b4 d6 16. Bd5 e6 17. Bf3 Bf6 18. Ra3 Bd7 19. Bxb7 Rb8 20. Bxa6 Rxb4 21. Bb5 Ke7 22. Raa1 Rb2 23. Rfc1 Ra8 24. Kf1 Bxb5 25. axb5 Rxa1 26. Rxa1 Rxb5 27. Ra7+ Kf8 28. Bh6+ Ke8 29. Ra8+ Kd7 30. Ra7+ Kc6 31. Rxf7 Bd4 32. Ke2 g5 33. Rxh7 Rb2 34. Rf7 Rxc2+ 35. Ke1 Rc1+ 36. Ke2 Rg1 37. Bxg5 c2 38. Rf8 Kd5 39. Rc8 Bc5 40. h4 c1Q 41. Bxc1 Rxc1 42. f4 Rc2+ 43. Kf3 Rd2 44. h5 Rxd3+ 45. Kg4 Bf2 46. h6 Rg3+ 47. Kh5 Rxg2 48. Rc2 Ke4 49. h7 Kf5 0-1

[Event "Avoine op 36th"]
[Site "Avoine"]
[Date "2022.07.31"]
[Round "9"]
[White "Ikonnikov, Vyacheslav"]
[Black "Debray, Christopher"]
[Result "1/2-1/2"]
[WhiteElo "2493"]
[BlackElo "2381"]
[PlyCount "93"]
[EventDate "2022.07.23"]
[EventType "swiss"]
[EventRounds "9"]
[EventCountry "FRA"]
[SourceTitle "CBM 209 Extra"]
[Source "ChessBase"]
[SourceDate "2022.09.30"]
[SourceVersion "1"]
[SourceVersionDate "2022.09.30"]
[SourceQuality "1"]

1. d4 d5 2. c4 e6 3. Nc3 Nf6 4. Bg5 c6 5. e3 Nbd7 6. cxd5 exd5 7. Bd3 Be7 8. Qc2 h6 9. Bh4 Nh5 10. Bxe7 Qxe7 11. Nge2 Nb6 12. 0-0-0 Bd7 13. Kb1 0-0-0 14. Nc1 Kb8 15. Nb3 Bc8 16. Nc5 Nf6 17. Ka1 Nbd7 18. b4 b6 19. Nxd7+ Bxd7 20. Rb1 Rc8 21. Rb3 Rc7 22. Rhb1 Re8 23. Rc1 Bc8 24. h3 Qd8 25. Ne2 Ne4 26. Bxe4 Rxe4 27. Rc3 Ba6 28. Nf4 g5 29. Nd3 Bxd3 30. Qxd3 Qf6 31. Qc2 Kb7 32. a4 Qd6 33. Ka2 Re8 34. Kb3 Rec8 35. Qf5 Kb8 36. g3 c5 37. dxc5 bxc5 38. Rxc5 Rxc5 39. Rxc5 Rxc5 40. bxc5 Qxc5 41. Qe5+ Kb7 42. Qc3 Kb6 43. Qf6+ Ka5 44. Qd8+ Ka6 45. Qf6+ Ka5 46. Qd8+ Ka6 47. Qf6+ 1/2-1/2

[Event "Avoine op 36th"]
[Site "Avoine"]
[Date "2022.07.28"]
[Round "6"]
[White "Dhulipalla, Bala Chandra Prasad"]
[Black "Ikonnikov, Vyacheslav"]
[Result "1/2-1/2"]
[WhiteElo "2423"]
[BlackElo "2493"]
[PlyCount "53"]
[EventDate "2022.07.23"]
[EventType "swiss"]
[EventRounds "9"]
[EventCountry "FRA"]
[SourceTitle "CBM 209 Extra"]
[Source "ChessBase"]
[SourceDate "2022.09.30"]
[SourceVersion "1"]
[SourceVersionDate "2022.09.30"]
[SourceQuality "1"]

1. d4 Nf6 2. c4 e6 3. g3 d5 4. Bg2 h6 5. Nf3 Bd6 6. 0-0 0-0 7. b3 Nc6 8. Nc3 b6 9. cxd5 exd5 10. Nb5 Ba6 11. Nxd6 cxd6 12. Re1 Qd7 13. Bb2 Rac8 14. Rc1 Ne7 15. Nd2 Rxc1 16. Qxc1 Rc8 17. Qb1 Rc7 18. e4 dxe4 19. Nxe4 Ne8 20. d5 Nxd5 21. Nxd6 Nxd6 22. Bxd5 Rc8 23. Qd1 Rd8 24. Bg2 Bb7 25. Bxb7 Nxb7 26. Qa1 Qg4 27. Ba3 1/2-1/2

[Event "Untergrombach op 38th"]
[Site "Untergrombach"]
[Date "2022.01.08"]
[Round "7"]
[White "Ikonnikov, Vyacheslav"]
[Black "Roebers, Eline"]
[Result "0-1"]
[WhiteElo "2490"]
[BlackElo "2365"]
[PlyCount "94"]
[EventDate "2022.01.04"]
[EventType "swiss"]
[EventRounds "7"]
[EventCountry "GER"]
[SourceTitle "EXT 2023"]
[Source "ChessBase"]
[SourceDate "2022.10.05"]
[SourceVersion "1"]
[SourceVersionDate "2022.10.05"]
[SourceQuality "1"]

1. d4 d5 2. c4 c6 3. Nf3 Nf6 4. Nc3 e6 5. Qb3 dxc4 6. Qxc4 b5 7. Qd3 a6 8. Bg5 Bb7 9. e4 h6 10. Bh4 c5 11. e5 g5 12. Nxg5 hxg5 13. Bxg5 c4 14. Qd2 Nbd7 15. exf6 b4 16. Na4 c3 17. Qe3 Nb6 18. b3 Nxa4 19. bxa4 Qb6 20. Bf4 Rd8 21. Be5 b3 22. axb3 Qxb3 23. Bd3 Bh6 24. Qg3 Kd7 25. Rb1 Qd5 26. f3 Bd2+ 27. Kf2 Bc6 28. Qg7 Rdf8 29. Rb8 Qa2 30. Kg3 Be3 31. Rf1 Qa3 32. Qxh8 Rxh8 33. Rxh8 Bxd4 34. Bf4 Bxf6 35. Rh7 Ke7 36. Bg6 Be8 37. Rb1 e5 38. Bc1 Qd6 39. Bxf7 Bxf7 40. Rb7+ Ke6 41. Rbxf7 Qd1 42. Ba3 Qxa4 43. Bc1 Qa1 44. Be3 Qe1+ 45. Bf2 Qd2 46. Rc7 c2 47. Rc6+ Kf5 0-1

[Event "BL2-Ost 1920"]
[Site "Germany"]
[Date "2020.02.09"]
[Round "8.2"]
[White "Kindermann, Stefan"]
[Black "Ikonnikov, Vyacheslav"]
[Result "1/2-1/2"]
[WhiteElo "2475"]
[BlackElo "2498"]
[PlyCount "33"]
[EventDate "2019.10.19"]
[EventType "team-tourn"]
[EventRounds "11"]
[EventCountry "GER"]
[SourceTitle "CBM 194 Extra"]
[Source "ChessBase"]
[SourceDate "2020.03.31"]
[SourceVersion "1"]
[SourceVersionDate "2020.03.31"]
[SourceQuality "1"]
[WhiteTeam "Zugzwang MSA"]
[BlackTeam "Bad Mergentheim"]
[WhiteTeamCountry "GER"]
[BlackTeamCountry "GER"]

1. e4 c5 2. Nf3 Nc6 3. Bb5 e6 4. 0-0 Nge7 5. Re1 a6 6. Bf1 d5 7. exd5 Nxd5 8. d4 Nf6 9. Be3 Be7 10. dxc5 Qxd1 11. Rxd1 Nd5 12. Bd2 Bxc5 13. c4 Nf6 14. Nc3 0-0 15. Bg5 Ng4 16. Bh4 f6 17. Na4 1/2-1/2